[Event "AUT-chT 0809"]
[Site "Austria"]
[Date "2009.03.20"]
[Round "9.5"]
[White "Volkmann, Friedrich Karl"]
[Black "Caruana, Fabiano"]
[Result "0-1"]
[WhiteElo "2444"]
[BlackElo "2646"]
[PlyCount "120"]
[EventDate "2008.11.07"]
[EventType "team-tourn"]
[EventRounds "11"]
[EventCountry "AUT"]
[SourceTitle "EXT 2010"]
[Source "ChessBase"]
[SourceDate "2010.11.25"]
[SourceVersion "1"]
[SourceVersionDate "2010.11.25"]
[SourceQuality "1"]
[WhiteTeam "Wulkaprodersdorf"]
[BlackTeam "Wien Husek"]
[WhiteTeamCountry "AUT"]
[BlackTeamCountry "AUT"]

1. e4 c5 2. Nf3 e6 3. c4 Nc6 4. Nc3 Nf6 5. Be2 Qb6 6. O-O Be7 7. Rb1 O-O 8. a3
a5 9. d3 d6 10. Kh1 Bd7 11. Bg5 h6 12. Bh4 Nd4 13. Nxd4 cxd4 14. Nb5 Bxb5 15.
Qb3 Rfc8 16. a4 Qd8 17. axb5 a4 18. Qd1 Nd7 19. Bg3 a3 20. Qd2 Nc5 21. Bd1 axb2
22. Qxb2 e5 23. Bc2 Bh4 24. Bxh4 Qxh4 25. f4 Ra5 26. fxe5 dxe5 27. Ra1 Rca8 28.
Rxa5 Rxa5 29. b6 Qe7 30. h3 Nd7 31. Ra1 Qc5 32. Rb1 Qd6 33. Bb3 Nc5 34. Bc2 Nd7
35. Bb3 Qxb6 36. c5 Qf6 37. Bc4 Nxc5 38. Kg1 Qe7 39. Qb6 Ra8 40. Rf1 Rf8 41.
Rf5 Kh8 42. Rxf7 Rxf7 43. Bxf7 Nxd3 44. Bc4 Nc5 45. Qa5 Kh7 46. Qa8 Ne6 47. Qc8
Nd8 48. h4 h5 49. Bb3 g6 50. Qc4 Kh6 51. g3 Nc6 52. Qc1+ Kg7 53. Qc4 Qf6 54.
Kg2 Ne7 55. Qb5 g5 56. Bc4 gxh4 57. gxh4 Ng6 58. Qxb7+ Kh6 59. Bf7 Nxh4+ 60.
Kh3 Qf3+ 0-1

[Event "AUT-chT 0809"]
[Site "Austria"]
[Date "2009.03.22"]
[Round "11.5"]
[White "Alvir, Aco"]
[Black "Caruana, Fabiano"]
[Result "0-1"]
[WhiteElo "2386"]
[BlackElo "2646"]
[PlyCount "66"]
[EventDate "2008.11.07"]
[EventType "team-tourn"]
[EventRounds "11"]
[EventCountry "AUT"]
[SourceTitle "EXT 2010"]
[Source "ChessBase"]
[SourceDate "2010.11.25"]
[SourceVersion "1"]
[SourceVersionDate "2010.11.25"]
[SourceQuality "1"]
[WhiteTeam "Pamhagen"]
[BlackTeam "Wien Husek"]
[WhiteTeamCountry "AUT"]
[BlackTeamCountry "AUT"]

1. e4 c5 2. Nf3 e6 3. d4 cxd4 4. Nxd4 a6 5. Bd3 Bc5 6. Nb3 Be7 7. Qg4 g6 8. Qe2
d6 9. Na3 Nc6 10. Be3 Ne5 11. Rd1 Nf6 12. Bh6 Nfg4 13. Bf4 Nxd3+ 14. Rxd3 e5
15. Bd2 b5 16. O-O O-O 17. f3 Qb6+ 18. Kh1 Nf6 19. Ba5 Qc6 20. Rc3 Qe8 21. Bb4
d5 22. Bxe7 Qxe7 23. Rd3 Nh5 24. Rd2 d4 25. Qe1 Be6 26. Nc1 Rac8 27. Nb1 Nf4
28. a3 f5 29. exf5 Bxf5 30. Ne2 Nd5 31. c3 Ne3 32. Rg1 Nc4 33. Nxd4 Bxb1 0-1

[Event "Corus-B"]
[Site "Wijk aan Zee"]
[Date "2009.01.30"]
[Round "11"]
[White "Caruana, Fabiano"]
[Black "Sasikiran, Krishnan"]
[Result "1-0"]
[WhiteElo "2646"]
[BlackElo "2711"]
[Annotator "Caruana,F"]
[PlyCount "87"]
[EventDate "2009.01.17"]
[EventType "tourn"]
[EventRounds "13"]
[EventCountry "NED"]
[EventCategory "16"]
[SourceTitle "CBM 129"]
[Source "ChessBase"]
[SourceDate "2009.03.25"]
[SourceVersion "1"]
[SourceVersionDate "2009.03.25"]
[SourceQuality "1"]

{This game was played in the eleventh round. I was on plus two and I needed to
win to retain any chances for first place.} 1. e4 c5 2. Nf3 d6 3. d4 cxd4 4.
Nxd4 Nf6 5. Nc3 a6 6. Be2 e6 7. O-O Qc7 8. f4 Be7 9. Be3 Nc6 10. Kh1 O-O 11.
Qe1 Nxd4 12. Bxd4 b5 13. a3 Bb7 14. Qg3 Rad8 15. Rae1 Rd7 16. Bd3 Re8 17. Rf3
$5 {This rare move was suggested to me by Alex Chernin. Although it probably
isn't sufficient for an advantage, Black faces concrete problems which are
difficult to solve over the board. I felt it would come as an unpleasant
surprise to my opponent.} (17. Qh3 e5 $11) (17. e5 {was mainly played in the
past.} dxe5 18. Bxe5 Qd8 19. Ne4 Nh5 20. Qe3 Nf6 21. Bxf6 Bxf6 22. Nc5 $36 {
Ni Hua-Jakovenko, Nizhnij Novgorod 2007}) 17... Qd8 $6 {An understandable move,
as Black is planning ...Bf8. However, this momentarily relinquishes control
over the e5-square, which allows White to develop his initiative.} ({Black
should play} 17... Bd8 $1 {, preparing to strike in the centre with ...e5.} 18.
f5 (18. Ref1 e5 19. fxe5 dxe5 20. Be3 $13) 18... e5 19. Be3 d5 20. Bh6 Nh5 21.
Qg4 Rd6 $1 22. f6 g6 23. Qxh5 gxh5 24. Rg3+ Kh8 25. Bg7+ Kg8 $11) 18. Qh3 g6
19. Ref1 d5 $2 {Sasikiran had clearly overlooked my next move. However,
Black's defensive task is already unenviable.} (19... Bc6 20. f5 exf5 21. exf5
Bxf3 22. fxg6 $18) (19... Bf8 20. f5 exf5 21. exf5 g5 (21... Bxf3 22. fxg6 hxg6
23. Bxf6 Qxf6 24. Qxd7 $18) 22. Rg3 (22. Re3 $6 Bg7 23. a4 bxa4 24. Nxa4 Rxe3
25. Bxe3 h6 26. Bd4 Re7 27. Nb6 Qe8 28. Nc4 Re1 29. Nxd6 Rxf1+ 30. Bxf1 Qe1 31.
Kg1 Ne4 32. Qd3 Bxd4+ 33. Qxd4 Nxd6 34. Qxd6 Qe3+ 35. Kh1 Qf2 36. Qd1 Qxf5 37.
Bd3 Qe5 {1/2-1/2 Fedorchuk,S (2624)-Jaracz,P (2501)/Dresden 2008/CBM 125 Extra}
) 22... h6 23. Nd1 $1 Bg7 24. Bxf6 Qxf6 25. Ne3 $16) ({Black can also try} 
19... Nh5 $5 {, when he has chances to defend successfully in a very dangerous
situation.} 20. f5 exf5 21. exf5 (21. Rxf5 gxf5 22. Qxh5 Bf6 23. Bxf6 Qxf6 24.
Rxf5 Qd8 (24... Qe6 $6 25. h3 h6 (25... f6 26. Rxf6 $18) (25... Kh8 26. Nd5 Qg6
27. Nf6 $18) 26. Rf4 f5 (26... Kh8 27. Qh4 $16) (26... Rc7 27. Nd5 Bxd5 28.
exd5 Qe1+ 29. Kh2 f5 30. Bxf5 $16) 27. Rxf5 Rg7 28. a4 $16) 25. e5 (25. Qg4+
Kh8) (25. Ne2 Re5 $13) 25... Re6 26. Rg5+ Rg6 27. Bxg6 fxg6 $11) 21... Bxf3 22.
Qxf3 Bg5 (22... Bf8 23. Nd5 $18) 23. Nd5 Re5 $1 {However, White's initiative
is still very powerful, and Black will have to suffer for a long time.} 24. g4
(24. f6 Rxd5 25. Qxd5 Bxf6 26. g4 Bxd4 27. gxh5 Bxb2 28. hxg6 hxg6 29. Bxg6 Qc7
30. Be4 Kf8 $11) (24. g3 Ng7 25. Bxe5 (25. Nb6 Ra7 $1 $11) (25. fxg6 hxg6 26.
h4 Bxh4 27. Bxe5 dxe5 28. gxh4 Qxh4+ 29. Kg2 Qg5+ $11) 25... dxe5 26. Nc3 Bh6
$1 (26... Qb6 27. Ne4 Bd8 28. g4 $14) 27. Re1 (27. f6 Ne6 $11) 27... Bd2 28.
Rxe5 Bxc3 29. bxc3 Nxf5 30. Bxf5 gxf5 31. Rxf5 (31. Qxf5 Rd1+ 32. Kg2 Qd2+ 33.
Kh3 Qh6+ 34. Kg4 Qg6+ $11) 31... Rd1+ 32. Kg2 Rd2+ 33. Kh3 Qd7 34. Qg4+ Kh8 $11
) 24... Ng7 25. c4 {This is one of White's most dangerous options, but it is
possible to approach the position in almost any way, since Black is doomed to
passivity.} (25. Bxe5 dxe5 26. Nc3 Ne8 27. Ne4 Bf4 $11) (25. Nb4 $5 Qc8 26. Nc6
Re8 27. Qd5 Qb7 28. fxg6 hxg6 29. Bxg6 Re5 $1 $13) (25. Be4 $5 Kh8 26. Rd1) (
25. b3 $5 Kh8 26. c4 bxc4 27. bxc4) 25... bxc4 26. Bxc4 (26. Bxe5 dxe5 27. Bxc4
Ne8 $1 28. fxg6 hxg6 29. Nb6 Qxb6 30. Bxf7+ Kh7 31. Bxe8 Rc7) 26... gxf5 (26...
Ne8 $2 27. fxg6 hxg6 28. Nb6 $18) (26... Qe8 27. Bxa6 $16) 27. Bxe5 fxg4 (27...
dxe5 28. gxf5 $16) 28. Nf6+ (28. Qxg4 dxe5) (28. Bf6 $5 gxf3 29. Bxd8 Rxd8 30.
Bxa6 $14) 28... Bxf6 29. Bxf6 gxf3 30. Bxd8 Rxd8 31. Rxf3 Ne6 32. Bxa6 $36) 20.
f5 $1 {A simple, but elegant attacking move. The following play is all forced.}
dxe4 21. fxg6 fxg6 (21... exf3 $2 22. Qxh7+ Nxh7 23. gxh7+ Kf8 24. h8=Q#) (
21... hxg6 $2 22. Rxf6 Rxd4 23. Rxf7 $18) 22. Rxf6 (22. Qxe6+ $2 Kh8 {is
surprisingly nothing for White.}) 22... Rxd4 (22... Bxf6 23. Bxf6 Qa8 24. Be2
$18) 23. Rf7 Bh4 24. Be2 {As usual when there are two equally attractive
options, it isn't easy to choose. Objectively this is even stronger than 24.
Bxb5.} (24. Bxb5 axb5 25. Rxb7 Re7 26. Rxe7 (26. Rxb5 $2 Bf2 $44) 26... Qxe7
27. Qg4 $16 {wins the e4-pawn, with a nearly decisive advantage.}) 24... Bc6 (
24... Ba8 25. g3) (24... b4 25. axb4 Rxb4 26. Nb5 $1 axb5 27. Rxb7 $18) 25. g3
e3+ 26. Kg1 {Black is losing a piece for very little compensation, but
technique is still required.} a5 {Black had more persistent continuations.} (
26... Qg5 27. R7f4 Rd2 (27... Rxf4 28. Rxf4 $18) 28. Rg4 (28. Rxh4 $2 Rxe2 29.
Nxe2 Qd5 $19) (28. Qxh4 Qxh4 29. gxh4 Rxc2 30. Bf3 $16) 28... Qe5 29. gxh4 $18)
(26... b4 27. axb4 Rxb4 28. gxh4 Rxb2 29. Qxe3 $18) 27. gxh4 b4 28. axb4 axb4
29. Nd1 $18 Qd5 (29... Rd2 30. Qxe3 $18) (29... Rxh4 30. Qxe3 Qd5 31. Bf3 Qd6 (
31... Rg4+ 32. Kh1 $18) 32. Qf2 $18) 30. Nxe3 Qc5 (30... Qh1+ 31. Kf2 Qe4 32.
Bd3 Qe5 33. Kg1 $18) 31. Bd3 b3 32. Qg3 bxc2 33. Bxc2 (33. Bxg6 $6 Rg4 34. Qxg4
Qxe3+ 35. R7f2 c1=Q 36. Bxe8+ Kh8 {complicates matters, but should still be
winning after 37.Qg3. However, the following variation illustrates the dangers
facing White:} 37. Bf7 $2 Qxf2+ $3 38. Kxf2 Qxb2+ 39. Ke3 (39. Qe2 Qxe2+ 40.
Kxe2 Bb5+ $11) (39. Kg1 Qb6+ 40. Rf2 Qb1+ $11) 39... Qc3+ 40. Kf4 Qd2+ 41. Ke5
Qd5+ 42. Kf6 Qd8+ $11) 33... Rd2 34. R7f2 Red8 35. Rxd2 Rxd2 36. Rf2 Rd4 37.
Bxg6 hxg6 38. Qxg6+ Kh8 39. Qh6+ Kg8 40. Qxe6+ Kh8 41. Qh6+ Kg8 42. Qe6+ Kh8
43. Qc8+ Kg7 44. Rg2+ 1-0

[Event "RUS-chT 16th"]
[Site "Dagomys"]
[Date "2009.04.09"]
[Round "6"]
[White "Caruana, Fabiano"]
[Black "Ni, Hua"]
[Result "1-0"]
[WhiteElo "2649"]
[BlackElo "2724"]
[Annotator "Rogozenco,D"]
[PlyCount "103"]
[EventDate "2009.04.04"]
[EventType "team-tourn"]
[EventRounds "7"]
[EventCountry "RUS"]
[SourceTitle "EXT 2020"]
[Source "ChessBase"]
[SourceDate "2019.10.17"]
[SourceVersion "1"]
[SourceVersionDate "2019.10.17"]
[SourceQuality "1"]
[WhiteTeam "Moscow ShSM-64"]
[BlackTeam "Saratov Ekonomist SGSEU"]
[WhiteTeamCountry "RUS"]
[BlackTeamCountry "RUS"]

1. Nf3 d5 2. d4 Nf6 3. c4 c6 4. Nc3 dxc4 5. a4 Bf5 6. Ne5 Nbd7 7. Nxc4 Qc7 8.
g3 e5 9. dxe5 Nxe5 10. Bf4 Nfd7 11. Bg2 g5 12. Ne3 gxf4 13. Nxf5 O-O-O 14. Qc2
Ng6 (14... Nc5) 15. O-O Kb8 (15... fxg3 16. hxg3 h5 17. Rfc1 Kb8 (17... h4 18.
Nb5 Qb6 19. Nbd6+ Bxd6 20. Nxd6+ Kb8 21. a5 Qc7 22. Nxb7 $1 Qxb7 23. Bxc6 Rc8 (
23... Qb4 24. Ra4 $18) (23... Qc7 24. Qb3+ $18) 24. Bxb7 Rxc2 25. Rxc2 Kxb7 26.
Rac1 $16) 18. b4 h4 (18... Bxb4 $2 19. Nd5 $18) 19. Nb5 $1 Qc8 (19... Qb6 20.
a5 Qxb5 (20... Qa6 21. Nbd6 Bxd6 22. Nxd6 $18 {[%csl Rf7][%cal Gb4b5]}) 21. Nd4
{E.g.} Qh5 (21... Qa6 22. b5 cxb5 23. Qc7+ $18) 22. Nxc6+ bxc6 23. Qxc6 $18)
20. Qb3 $1 h3 21. Qe3 c5 22. Be4 Nf6 23. bxc5 Ng4 24. c6 $1 $18 {1-0
Kasimdzhanov,R (2690)-Predojevic,B (2645)/Germany 2007 (29)}) 16. Rfc1 a5 17.
b4 Bxb4 $146 {An attempt to rehabilitate a very risky variation.} (17... axb4
18. Nb5 Qe5 19. Nbd4 Bc5 20. Nb3 fxg3 21. hxg3 h5 22. Rab1 Ba7 23. e3 h4 {
Reeh: 'Treibt rücksichtslos den eigenen Angriff voran.'} (23... Ne7 $142 {
war vorsichtiger.}) 24. Nbd4 Bxd4 25. Nxd4 c5 {Reeh: 'Vielleicht hatte sich
Schwarz auf diesen Zug verlassen, aber...'} 26. Rxb4 $1 {Reeh: 'Reißt die
c-Linie auf und verschafft der weißen Dame freie Sicht.'} cxb4 27. Nc6+ $18 {
1-0 Nguyen Ngoc Truong Son-Predojevic,B/Moscow 2008 (31)}) 18. Nd5 $1 ({
Stronger than} 18. Nb5 Qb6 19. Nbd4 Nc5) 18... Qe5 19. Nxb4 axb4 20. Rab1 Qa5 (
20... c5 21. e3 fxg3 (21... fxe3 22. f4 $1 $16) 22. hxg3 Rc8 (22... h5 23. f4
Qe6 24. Rxb4 $18) 23. Rd1 $16) ({The indirect defence of the c5-pawn doesn't
work:} 20... Ne7 21. Qc4 $1 ({Another possible sac is} 21. Rxb4 Qxf5 22. Qb2
Nc5 23. Rxf4 Qe6 24. Rfc4 $40) 21... Nxf5 (21... Qxf5 22. Qxb4 {[%csl Rb7,Re7]}
) 22. Qxb4 {with a winning attack}) 21. Nd6 Nde5 $8 22. Nc4 Nxc4 23. Qxc4 $14 {
The forced moves are over and White enjoys a stable plus thanks to his better
pawn structure and a safer king.} fxg3 (23... Qxa4 24. Bf3 $36 (24. Ra1 Qb5 25.
Qxb5 cxb5 26. Rc5 Rd7 27. Rxb5 Rhd8 28. Bf3 $14)) 24. hxg3 Ne5 25. Qf4 (25.
Qxb4 Qxb4 26. Rxb4 $14) 25... Rhg8 26. Rxb4 Rg4 27. Rb5 $1 Rxf4 (27... Qxb5 $2
28. axb5 Rxf4 29. gxf4 Ng6 30. bxc6 bxc6 31. e3 Ne7 32. Bxc6 $16 {/+-}) 28.
Rxa5 Rf5 $2 (28... Rc4 29. Rb1 (29. Rxc4 Nxc4 30. Rh5 Rd1+ 31. Kh2 Rd2 32. Rxh7
Nd6 $132 {[%cal Gc6c5,Gc5c4]}) 29... f6 30. f4 Ng4 31. Bf3 Ne3 $14) 29. Rac5 $1
{Suddenly Black is in big troubles. The threat is 30.f4.} ({Possibly Black was
expecting only} 29. Kf1 Re8 30. f4 Rf6 $14) 29... Rg5 {The Chinese GM decides
to give up a piece, hoping to exploit some practical chances, but Caruana's
technique is impeccable.} ({The alternative} 29... b6 30. R5c3 c5 {wasn't much
better either:} 31. a5 $1 bxa5 32. Rxc5 $18) 30. f4 Rxg3 31. Rxe5 Rdg8 32. Rg5
R8xg5 33. fxg5 Rxg5 34. Rf1 $1 f5 35. Rf4 $18 Kc7 36. Kf2 Kd6 37. Rd4+ Ke6 (
37... Kc5 38. Rd7 $18) 38. Bf3 Rg7 39. a5 Rg8 40. Rb4 Rg7 41. Rc4 Rd7 42. Ke3
Ke5 43. Rc5+ Kf6 44. a6 $1 bxa6 45. Rxc6+ Kg5 46. Rxa6 Re7+ 47. Kf2 Rd7 48. Rb6
Rd8 49. Rb7 h6 50. Kg3 Rc8 51. Rb5 Kg6 (51... Rf8 52. Be4 h5 53. Bd3 {[%cal
Ge2e4]} h4+ 54. Kf3 h3 55. Kg3 $18) (51... h5 52. Be4 h4+ 53. Kf3 Rf8 54. Bd3
$18) 52. Rxf5 (52. Rxf5 Kxf5 53. Bg4+) 1-0